College Quizbowl Stats
College Quizbowl Stats
Circuits
Seasons
Sets
Records
Detailed Stats
About
Loading...
2024 ACF Winter at Brandeis
Tossups
Bonuses
Players
Teams
Categories (Tossup)
Categories (Bonus)
Eran
Boston University A
Categories
Category
Powers
Gets
Negs
BBs
Points
Earliest Buzz
Avg. Buzz
First Buzzes
Top 3 Buzzes
Mythology
0
1
0
0
10
102
102.00
0
0
Philosophy
0
1
0
0
10
84
84.00
0
1
Religion
0
1
0
0
10
110
110.00
0
1
Social Science
0
1
0
0
10
120
120.00
0
0
History - European History
0
0
1
0
-5
0.00
0
0
Buzzes
Category
Answer
Value
Buzz Position
Philosophy
social contract
10
84
History - European History
Berlin
-5
93
Mythology
Loki
10
102
Religion
Buddhist monastery
10
110
Social Science
civilizations
10
120
Previous
1
Next